Teuerste Transfers vom VfB Stuttgart (Verkäufe) - Statistiken

Allgemein
  • Dieses Quiz wurde 306 mal gespielt
    86 seit der letzten Aktualisierung
  • Das Durchschnittsergebnis liegt bei 20 aus 32
Antwortstatistiken
Saison Betrag
(in Millionen €)
Aufnehmender
Verein
Spieler % Korrekt
09/10 30 Bayern Mario Gomez
97%
24/25 18 Dortmund Serhou Guirassy
97%
24/25 22,5 Dortmund Waldemar Anton
97%
23/24 20 Liverpool Wataru Endo
95%
24/25 23,5 Bayern Hiroki Ito
93%
19/20 35 Bayern Benjamin Pavard
92%
16/17 23 Leipzig Timo Werner
91%
23/24 20 West Ham Konstantinos Mavropanos
80%
21/22 24,5 Florenz Nicolas Gonzalez
80%
22/23 18 Wolverhampton Sasa Kalajdzic
80%
23/24 8 Ajax Borna Sosa
79%
22/23 15 Dortmund Gregor Kobel
77%
10/11 14 Real Madrid Sami Khedira
76%
16/17 9 AS Rom Antonio Rüdiger
65%
16/17 14 Hamburg Filip Kostic
64%
05/06 15 Arsenal Aleksandr Hleb
61%
22/23 13 Nottingham Orel Mangala
61%
19/20 15 Schalke Ozan Kabak
60%
97/98 6,5 Bayern Giovane Elber
56%
15/16 8,5 Bayern Joshua Kimmich
56%
05/06 6,9 Schalke Kevin Kuranyi
53%
89/90 6,5 Inter Jürgen Klinsmann
49%
22/23 12 Crystal Palace NaouIron Ahamada
43%
12/13 5,5 Dortmund Julian Schieber
41%
19/20 10 Hertha Santiago Ascacibar
41%
19/20 12 Eindhoven Timo Baumgartl
37%
18/19 10 Wolfsburg Daniel Ginczek
36%
99/00 5,75 Dortmund Fredi Bobic
35%
11/12 7,8 Leverkusen Bernd Leno
33%
11/12 9 Wolfsburg Christian Träsch
33%
92/93 6 Inter Matthias Sammer
29%
16/17 5 Hoffenheim Lukas Rupp
20%
Keine übereinstimmenden Quizze gefunden
Verteilung der Resultate
Anzahl Personen mit jedem Resultat
Perzentil nach korrekt beantworteten Fragen
Ihre Resultats-Entwicklung
Sie haben dieses Quiz seit der letzten Aktualisierung nicht gespielt